| 000 | 00798nam a22002777a 4500 | ||
|---|---|---|---|
| 003 | CHAP | ||
| 005 | 20220817042238.0 | ||
| 008 | 971013s1965 r 00010 d | ||
| 010 | _a38557 | ||
| 011 | _a39529 | ||
| 035 | _a43650 | ||
| 040 | _cCHAP | ||
| 082 |
_a631.474 _bF3 |
||
| 110 | _aFAO | ||
| 245 |
_aMapa de los suelos de Europa _b: 1:2.500.000 |
||
| 260 |
_aRoma : _bFAO, _c1965 |
||
| 300 |
_a2 v. _b: anexo |
||
| 505 | _aContenido v.1 texto explicativo | ||
| 590 |
_aBATCH-UPD _b10 _c20130110 _lUCH01 _h2259 |
||
| 590 |
_aCONVERSION _b10 _c20130109 _lUCH01 _h1321 |
||
| 650 | 1 | 4 |
_aSuelos _xEuropa. _9110362 |
| 901 | _aBK | ||
| 942 | _cLIBRO | ||
| 949 |
_a631.474 F3 _bBC _cFAO _d-99874 _eFAO1 _fv.1 _h21617 _i43650 _si |
||
| 949 |
_a631.474 F3 _bBC _cFAO _d-99876 _eFAO2 _fv.1 c.2 _h15200 _i43650 _si |
||
| 999 |
_c38557 _d38557 |
||